Samuel L. Jackson Movies by Picture - Statistics

General Stats
  • This quiz has been taken 60 times
  • The average score is 8 of 16
Answer Stats
Picture Answer % Correct
Star Wars: Revenge of the Sith
100%
Pulp Fiction
94%
The Incredibles
76%
Django Unchained
72%
The Hateful Eight
61%
Kingsman: The Secret Service
56%
Jurassic Park
54%
Glass
46%
Die Hard with a Vengeance
44%
Shaft
41%
Snakes on a Plane
35%
Kong: Skull Island
31%
Jackie Brown
30%
The Hitman's Bodyguard
13%
Goodfellas
11%
Rules of Engagement
2%
No matching quizzes found
Score Distribution
Percent of People with Each Score
Percentile by Number Answered
Your Score History
You have not taken this quiz